• 首页
  • 本馆介绍
  • 公告通知
  • 最新文献
  • 馆藏检索
  • 电子资源
  • 读者导购
  • 参考咨询
  • 我的图书馆
  • 登录
  • 详细信息显示
  • 放入我的书架
  • 预约/预借图书
  • 作者相关作品
  • 分类相关作品
  • 丛书相关作品
  • 出版社相关作品

书目信息

  • 表格格式
  • 工作单格式
  • 卡片格式
题名:
旅游资源开发与管理
    
 
作者: 邓爱民 , 张大鹏 主编
分册:  
出版信息: 北京   中国旅游出版社  2016
页数: 236页
开本: 26cm
丛书名:
单 册:
中图分类: F590.31
科图分类:
主题词: 旅游资源开发--Lv You Zi Yuan Kai Fa--高等教育--教材 , 旅游资源--Lv You Zi Yuan--资源管理--高等教育--教材
电子资源:
ISBN: 978-7-5032-5443-7
000 01072nam0 22002651 450
001 0121113138
005 20161122092404.35
010    @a978-7-5032-5443-7@dCNY36.80
100    @a20160125d2016 em y0chiy50 ea
101 0  @achi
102    @aCN@b110000
105    @ay z 000yy
106    @ar
200 1  @a旅游资源开发与管理@ALv You Zi Yuan Kai Fa Yu Guan Li@f邓爱民,张大鹏主编
210    @a北京@c中国旅游出版社@d2016
215    @a236页@d26cm
300    @a中国旅游业普通高等教育应用型规划教材
330    @a本书围绕旅游资源管理所涉及的各个环节、要素进行了系统阐述,包括旅游资源调查与评价管理、产权管理、开发管理、整合管理、质量管理、环境管理等。同时,又按照旅游资源的类别详解了自然旅游资源、人文旅游资源、非物质文化遗产旅游资源的管理问题。
606 0  @a旅游资源开发@ALv You Zi Yuan Kai Fa@x高等教育@j教材
606 0  @a旅游资源@ALv You Zi Yuan@x资源管理@x高等教育@j教材
690    @aF590.31@v5
701  0 @a邓爱民@ADeng Ai Min@f(1971~)@4主编
701  0 @a张大鹏@AZhang Da Peng@4主编
801  0 @aCN@bTANGWEI@c20161118
905    @b0899175-9@dF590.31@e472@f5
    
    旅游资源开发与管理/邓爱民,张大鹏主编 .-北京:中国旅游出版社,2016
    236页;26cm
    中国旅游业普通高等教育应用型规划教材
    
    ISBN 978-7-5032-5443-7:CNY36.80
    本书围绕旅游资源管理所涉及的各个环节、要素进行了系统阐述,包括旅游资源调查与评价管理、产权管理、开发管理、整合管理、质量管理、环境管理等。同时,又按照旅游资源的类别详解了自然旅游资源、人文旅游资源、非物质文化遗产旅游资源的管理问题。
●
相关链接 在E读中查询图书 在五车中查询图书 在当当中查询图书 在豆瓣中查询图书


正题名:旅游资源开发与管理     索取号:F590.31/472         预约/预借

序号 登录号 条形码 馆藏地/架位号 状态 备注
1 0899175   208991750   第一样本阅览室/ [索取号:F590.31/472] 在馆    
2 0899176   208991769   第一借阅区/ [索取号:F590.31/472] 在馆    
3 0899177   208991778   第一借阅区/ [索取号:F590.31/472] 在馆    
4 0899178   208991787   第一借阅区/ [索取号:F590.31/472] 在馆    
5 0899179   208991796   密集书库-资源管理系/ [索取号:F590.31/472] 在馆    
唐山师范学院图书馆 欢迎您!
大连网信软件有限公司© 版权所有